La Ética en el empleado pb︢lico

Detalles Bibliográficos
Autor principal: Iglesias Alonso, Alvaro
Formato: eBook
Lenguaje:español
Publicado: Madrid: Editorial Acadm̌ica Espaǫla, 2019
Materias:
Acceso en línea:Acceso restringido

MARC

LEADER 00000nam a22000007a 4500
005 20190916215040.0
007 cr|||| ||||
008 190916s2019 es |||||s|||| 00||0 spa d
020 |a 9786202099875 
035 |a 25867 
040 |a vLex 
090 |c 9536  |d 9536 
100 1 |a Iglesias Alonso, Alvaro 
245 1 2 |a La Ética en el empleado pb︢lico  |h [Recurso electrn̤ico] /  |c Alvaro Iglesias Alonso 
256 |a Servicio en ln̕ea 
260 |a Madrid:  |b Editorial Acadm̌ica Espaǫla,  |c 2019 
300 |a 1 recurso electrn̤ico 
500 |a El presente trabajo, versa sobre la implicacin̤ de las cuestiones ťicas inmersas en la Administracin̤ Publica. En concreto , la influencia de valores y principios ťicos en el desarrollo del empleo, ejercido por los funcionarios pb︢licos. La evolucin̤ que experiment ̤la gestin̤ ťica, marc ̤de manera notable la iniciativa de promover estas polt̕icas por parte de un gran nm︢ero de estados. Teniendo en cuenta, el problema que suscitaba la creciente prc̀tica de comportamientos contrarios a los intereses generales, produciňdose un abuso de poder por parte de algunos y viňdose afectado el buen funcionamiento de la Administracin̤. La legislacin̤ elaborada en Espaą, ha servido de gran ayuda para promover un cambio de modelo pb︢lico, desarrollando medidas para resolver las deficiencias en el sistema. Esto provoca un impacto social, reflejado en el bienestar de la sociedad al comprobar la eficacia y desarrollo en el m̀bito pb︢lico. Es por ello, que todo el conjunto de iniciativas llevadas hasta ahora, incentiva a un cambio de mentalidad, promoviendo la buena conducta y el desarrollo de un ejercicio administrativo profesional basado en principios ťicos y dirigido al interš general. 
506 1 |a Disponible solo en los productos indicados  |d vLex Global  |d vLex Global (Academic Edition, excluding Law Schools)  |d vLex Global (U.S. Academic Edition, Law Schools)  |d vLex Global (U.S. Academic Edition, excluding Law Schools)  |d vLex Global (Academic Edition, Law Schools) 
650 0 4 |a Derecho Pb︢lico y Administrativo  |z Espaą 
740 0 |a vLex Libros (Servicio en ln̕ea) 
856 4 0 |u http://vlex.com/source/25867  |z Acceso restringido 
942 |c BOOK 
999 0 |a Public and Administrative Law